Tour de France Winners - Statistics

General Stats
  • This quiz has been taken 10 times
  • The average score is 53 of 112
Answer Stats
Year Country Winner % Correct
2012 GBR Bradley Wiggins
100%
2013 | 2015 | 2016 | 2017 GBR Chris Froome
100%
2020 | 2021 | 2024 | 2025 SLO Tadej Pogačar
100%
2007 | 2009 ESP Alberto Contador
88%
1978 | 1979 | 1981 | +2 others FRA Bernard Hinault
88%
1999 | 2000 | 2001 | +4 others USA Lance Armstrong
88%
2014 ITA Vincenzo Nibali
88%
2010 LUX Andy Schleck
75%
2011 AUS Cadel Evans
75%
1969 | 1970 | 1971 | +2 others BEL Eddy Merckx
75%
2019 COL Egan Bernal
75%
2018 GBR Geraint Thomas
75%
1997 GER Jan Ullrich
75%
2022 | 2023 DEN Jonas Vingegaard
75%
1998 ITA Marco Pantani
75%
1986 | 1989 | 1990 USA Greg LeMond
63%
1957 | 1961 | 1962 | +2 others FRA Jacques Anquetil
63%
1991 | 1992 | 1993 | +2 others ESP Miguel Induráin
63%
1996 DEN Bjarne Riis
50%
1949 | 1952 ITA Fausto Coppi
50%
1965 ITA Felice Gimondi
50%
1987 IRL Stephen Roche
50%
1975 | 1977 FRA Bernard Thévenet
38%
1938 | 1948 ITA Gino Bartali
38%
1983 | 1984 FRA Laurent Fignon
38%
1953 | 1954 | 1955 FRA Louison Bobet
38%
1973 ESP Luis Ocaña
38%
1903 FRA Maurice Garin
38%
2008 ESP Carlos Sastre
25%
1958 LUX Charly Gaul
25%
1959 ESP Federico Bahamontes
25%
1950 SUI Ferdinand Kübler
25%
1960 ITA Gastone Nencini
25%
1951 SUI Hugo Koblet
25%
1968 NED Jan Janssen
25%
1947 FRA Jean Robic
25%
1980 NED Joop Zoetemelk
25%
1907 | 1908 FRA Lucien Petit-Breton
25%
1976 BEL Lucien Van Impe
25%
2006 ESP Oscar Pereiro
25%
1988 ESP Pedro Delgado
25%
1956 FRA Roger Walkowiak
25%
1935 BEL Romain Maes
25%
1936 | 1939 BEL Sylvère Maes
25%
1930 | 1932 FRA André Leducq
13%
1919 | 1922 BEL Firmin Lambot
13%
1909 LUX François Faber
13%
1923 FRA Henri Pélissier
13%
1905 FRA Louis Trousselier
13%
1966 FRA Lucien Aimar
13%
1926 BEL Lucien Buysse
13%
1929 BEL Maurice De Waele
13%
1927 | 1928 LUX Nicolas Frantz
13%
1924 | 1925 ITA Ottavio Bottecchia
13%
1913 | 1914 | 1920 BEL Philippe Thys
13%
1967 FRA Roger Pingeon
13%
1931 | 1934 FRA Antonin Magne
0%
1933 FRA Georges Speicher
0%
1911 FRA Gustave Garrigou
0%
1904 FRA Henri Cornet
0%
1921 BEL Léon Scieur
0%
1910 FRA Octave Lapize
0%
1912 BEL Odile Defraye
0%
1906 FRA René Pottier
0%
1937 FRA Roger Lapébie
0%
No matching quizzes found
Score Distribution
Percent of People with Each Score
Percentile by Number Answered
Your Score History
You have not taken this quiz